Royal Families and Dynasties - Statistics

General Stats
  • This quiz has been taken 481 times
  • The average score is 23 of 52
Answer Stats
Group Houses of England % Correct
G1 Windsor
93%
G7 Romanov
87%
G1 Tudor
87%
G8 Han
83%
G2 Bourbon
79%
G3 Bourbon
79%
G2 Habsburg
77%
G4 Habsburg
77%
G1 Hanover
73%
G1 Stuart
73%
G1 Lancaster
72%
G3 Lancaster
72%
G1 York
72%
G8 Ming
71%
G8 Qin
68%
G1 Plantagenet
64%
G1 Normandy
63%
G2 Bonaparte
62%
G3 Bonaparte
62%
G8 Qing
57%
G1 Anjou
51%
G3 Valois
48%
G8 Song
46%
G3 Orléans
45%
G5 Osman
45%
G8 Tang
44%
G1 Blois
43%
G3 Carolingian
42%
G8 Yuan
40%
G3 Merovingian
37%
G7 Rurik
36%
G3 Capetian
35%
G4 Ottonian
31%
G6 Tokugawa
31%
G2 Trastámara
27%
G8 Zhou
27%
G8 Shang
26%
G2 Savoy
24%
G4 Luxembourg
23%
G4 Lorraine
21%
G4 Wittelsbach
21%
G3 Robertian
19%
G8 Sui
18%
G6 Ashikaga
15%
G4 Salian
11%
G4 Staufen
11%
G3 Bosonid
8%
G6 Kamakura
8%
G6 Heian
5%
G4 Supplinburg
3%
G6 Azuchi–Momoyama
1%
G6 Kenmu
1%
No matching quizzes found
Score Distribution
Percent of People with Each Score
Percentile by Number Answered
Your Score History
You have not taken this quiz